Periodic Table Elements Starting With R - Statistics

General Stats
  • This quiz has been taken 28 times
  • The average score is 13 of 16
Answer Stats
Answer % Correct
Ra
100%
Radon
100%
Ru
100%
Radium
95%
Rh
90%
Rf
85%
Rn
85%
Rutherfordium
80%
Re
75%
Rubidium
75%
Ruthenium
75%
Rb
70%
Rhenium
70%
Rg
60%
Rhodium
60%
Roentgenium
40%
No matching quizzes found
Score Distribution
Percent of People with Each Score
Percentile by Number Answered
Your Score History
You have not taken this quiz